000 01430nam a2200361 c 4500
999 _c32497
_d32497
003 BLK
005 20230913005129.0
008 180407b bul|||||r ||||||| ||bul||
010 _aKNG00035168000
020 _a954-528-220-7
040 _aBLK
041 _aBUL
_cBUL
080 _aАмериканска литература (на САЩ)
_b821.111(73)
_x-32
_z821.111(73)-32
100 1 _aПо, Едгар Алан
_eпърви автор
_9272331
139 _aПо, Едгар Алан
_bП 62
245 1 0 _aРазговор с мумия
_bРазкази
_cЕдгар Алан По; прев. от англ. Александър Бояджиев; състав. Огняна Иванова.
257 _aUSA
260 _bТруд
_c2001
_fСофия : Миско принт ЕООД
300 _a400 с.
_c20 см
380 _aX
490 1 _aСветовна класика
490 1 _aДетектив
500 _aОриг. загл. Prose / Edgar Allan Poe. - Други прев. Б. Дамянов, Б. Миндов, М. Попова, Св. Христова.
700 1 _aБояджиев, Александър
_eпрев. от англ.
_9244728
700 _aИванова, Огняна Начева
_d1947-
_9369792
852 _aЦб 207412
856 4 _qpdf
856 4 _qpdf
942 _cKNG
_n0
944 _aCR
_c24.03.2003
_k
_lCRON CRON
944 _aED
_c24.03.2003
999 _d32497